[Event "zonal 3.4 (w)"]
[Site "Tashkent UZB"]
[Date "2007.10.10"]
[Round "7"]
[White "Tokhiryanova, Khulkar"]
[Black "Khamrakulova, Yulduz"]
[Result "0-1"]
[WhiteElo "1967"]
[BlackElo "2185"]
[EventDate "2007.10.04"]
[PlyCount "116"]

1.e4 c5 2.Nf3 g6 3.c4 Bg7 4.d4 cxd4 5.Nxd4 Nc6 6.Nc2 d6 7.Nc3 Bxc3+ 8.bxc3
Nf6 9.f3 O-O 10.Be2 Na5 11.Bh6 Re8 12.Ne3 b6 13.O-O Ba6 14.g4 Qc7 15.g5 
Nd7 16.f4 Qc5 17.Qd4 e5 18.Qxc5 Nxc5 19.Nd5 Bxc4 20.Bxc4 Nxc4 21.f5 Nxe4 
22.fxg6 hxg6 23.Rf3 Ncd2 24.Rh3 f5 25.gxf6 Nc4 26.Re1 Nc5 27.Nc7 e4 28.
Nxa8 Rxa8 29.Be3 Nxe3 30.Rhxe3 Kf7 31.Rf1 Rh8 32.Rd1 Kxf6 33.Rxd6+ Kf5 34.
h3 Ne6 35.Rxe6 Kxe6 36.Rxe4+ Kf5 37.Re3 Rd8 38.a3 Rd2 39.Re7 a5 40.Rb7 Rd6
41.Kg2 Rc6 42.a4 Ke4 43.Rd7 Ke5 44.Rg7 Kd5 45.h4 Kc4 46.Kg3 Kxc3 47.Kg4 
Kb4 48.Kg5 Kxa4 49.Rxg6 Rc5+ 50.Kg4 b5 51.h5 Rc1 52.h6 Rh1 53.Kg5 b4 54.
Rg7 b3 55.h7 Ka3 56.Ra7 a4 57.Kg6 b2 58.Rb7 Ka2 0-1